Influence of Television and Internet on Students' Lives in Assam (Record no. 26310)
[ view plain ]
| 000 -LEADER | |
|---|---|
| fixed length control field | 00501nam a22001337a 4500 |
| 082 ## - DEWEY DECIMAL CLASSIFICATION NUMBER | |
| Classification number | RB.0279 |
| 100 ## - MAIN ENTRY--AUTHOR NAME | |
| Personal name | Borgohain,Parijat |
| Affiliation | Department of Geography Cotton College |
| Place | Guwahati |
| 245 ## - TITLE STATEMENT | |
| Title | Influence of Television and Internet on Students' Lives in Assam |
| Sub Title | : A Social Geographical Study |
| 260 ## - PUBLICATION, DISTRIBUTION, ETC. (IMPRINT) | |
| Place of publication | Guwahati |
| Year of publication | 2017 |
| 300 ## - PHYSICAL DESCRIPTION | |
| Number of Pages | 233p. |
| 536 ## - FUNDING INFORMATION NOTE | |
| Funding Agency | Indian Council of Social Science.New Delhi |
| 650 ## - SUBJECT ADDED ENTRY--TOPICAL TERM | |
| Topical Term | psychology - student behviour |
| Form subdivision | social media & television |
| Geographic subdivision | Assam |
| -- | India |
| 942 ## - ADDED ENTRY ELEMENTS (KOHA) | |
| Source of classification or shelving scheme | Dewey Decimal Classification |
| Koha item type | Research Reports |
| Withdrawn status | Lost status | Damaged status | Not for loan | Collection code | Home library | Current library | Date acquired | Source of acquisition | Cost, normal purchase price | Full call number | Accession Number | Price effective from | Koha item type |
|---|---|---|---|---|---|---|---|---|---|---|---|---|---|
| Not For Loan | ICSSR Research Project Reports | NASSDOC Library | NASSDOC Library | 21/12/2020 | Gifted by: RP Division | 0.00 | RB.0279 | 51066 | 21/12/2020 | Research Reports |
